Statistics for Books by obscure descriptions

Click here to take the quiz!

General Stats

  • This quiz has been taken 27 times
  • The average score is 4 of 9

Answer Stats

HintAnswer% Correct
girl falls down a hole and meets some talking animals, a man who is objectively insane and a woman who has an obsession with decapitationalice in wonderland
92%
boy with a scar finds out he has magic and kills his teacherHarry potter and the philosopher's stone
92%
orphan child is groomed into being a pickpocket and finds his long lost family after his temporary mother figure is brutally murderedOliver twist
69%
children kill each other as entertainment for a royally screwed up upper class societyThe hunger games
65%
whoops you killed your maths teacher! Now you've found out your deadbeat dad is actually a god! And you have to go and find your uncle's favourite electricity thingymabob and almost die!! Fun!!!!Percy Jackson and the lightening thief
62%
look down look down you stole a loaf of bread, look down look down now everyone is dead (not aladin tho its too gay coded for that)Les Miserable
27%
man accidentally brings book characters to life but instead of it being a bookworm's dream they're mostly all trying to kill him and his daughter. His daughter uses ThePowerOfHerVoiceTM to defeat the bad guys and they find her motherInkheart
23%
gay child kills a boy and is exiled, falls in love with his best friend, they go to war, and then they both diethe song of achilles
12%
boy dates his dead grandfather's immortal magic ex girlfriend, is forced into therapy and kills some freaky eye eating walking squid monstersMiss Peregrine's Home for peculiar children
0%

Score Distribution

Percentile by Number Answered

Percent of People with Each Score

Your Score History

You have not taken this quiz